[Event "V4 Liptov 2017"]
[Site "?"]
[Date "2017.06.23"]
[Round "5.19"]
[White "Wasik, Mateusz"]
[Black "Niczyporuk, Jakub"]
[Result "1-0"]
[BlackElo "1396"]
[WhiteElo "1484"]
[LiveChessVersion "1.4.8"]

1. d4 {[%clk 1:00:57]} Nf6 {[%clk 1:00:55]} 2. c4 {[%clk 1:01:22]} g6
{[%clk 1:01:10]} 3. Nc3 {[%clk 1:01:48]} Bg7 {[%clk 1:01:37]} 4. e4
{[%clk 1:02:13]} d6 {[%clk 1:01:52]} 5. f3 {[%clk 1:02:33]} Nbd7 {[%clk 1:01:51]}
6. Be3 {[%clk 1:02:48]} O-O {[%clk 1:01:12]} 7. Qd2 {[%clk 1:03:14]} c5
{[%clk 1:00:49]} 8. Nge2 {[%clk 1:03:21]} b6 {[%clk 0:59:21]} 9. O-O-O
{[%clk 1:02:57]} a5 {[%clk 0:57:21]} 10. Bh6 {[%clk 1:02:58]} Ba6
{[%clk 0:56:10]} 11. b3 {[%clk 1:00:27]} a4 {[%clk 0:55:42]} 12. Nxa4
{[%clk 0:58:39]} Bxc4 {[%clk 0:55:51]} 13. h4 {[%clk 0:56:31]} Ba6
{[%clk 0:43:49]} 14. Bxg7 {[%clk 0:56:51]} Kxg7 {[%clk 0:43:41]} 15. h5
{[%clk 0:57:16]} Rh8 {[%clk 0:43:11]} 16. h6+ {[%clk 0:56:09]} Kf8
{[%clk 0:43:24]} 17. e5 {[%clk 0:56:15]} Ne8 {[%clk 0:42:16]} 18. exd6
{[%clk 0:55:44]} Nxd6 {[%clk 0:42:04]} 19. dxc5 {[%clk 0:56:03]} bxc5
{[%clk 0:41:35]} 20. Qc3 {[%clk 0:55:50]} f6 {[%clk 0:41:22]} 21. Nf4
{[%clk 0:55:44]} Qc8 {[%clk 0:39:32]} 22. Bxa6 {[%clk 0:55:24]} Rxa6
{[%clk 0:39:00]} 23. Rhe1 {[%clk 0:54:54]} c4 {[%clk 0:38:20]} 24. Nb2
{[%clk 0:49:38]} Ne5 {[%clk 0:37:13]} 25. a4 {[%clk 0:35:48]} Rc6
{[%clk 0:34:38]} 26. Kb1 {[%clk 0:35:03]} cxb3 {[%clk 0:32:50]} 27. Qxb3
{[%clk 0:35:22]} Qf5+ {[%clk 0:29:15]} 28. Nfd3 {[%clk 0:35:11]} Nxd3
{[%clk 0:26:37]} 29. Rxd3 {[%clk 0:33:39]} Qa5 {[%clk 0:23:40]} 30. Qe6
{[%clk 0:26:10]} Qc7 {[%clk 0:23:30]} 31. g4 {[%clk 0:22:44]} Qb7
{[%clk 0:15:01]} 32. f4 {[%clk 0:17:54]} Rc7 {[%clk 0:12:57]} 33. Rxd6
{[%clk 0:17:27]} 1-0

[Event "V4 Liptov 2017"]
[Site "?"]
[Date "2017.06.23"]
[Round "5.20"]
[White "Bobrova, Katarina"]
[Black "Waszczuk, Patrycja"]
[Result "0-1"]
[BlackElo "1774"]
[WhiteElo "1407"]
[LiveChessVersion "1.4.8"]

1. Nf3 {[%clk 1:00:56]} Nf6 {[%clk 1:00:38]} 2. d4 {[%clk 1:01:02]} e6
{[%clk 1:01:04]} 3. Bf4 {[%clk 1:01:03]} b6 {[%clk 1:01:11]} 4. e3
{[%clk 1:00:55]} Bb7 {[%clk 1:01:33]} 5. Nbd2 {[%clk 1:00:21]} d5
{[%clk 1:01:51]} 6. c4 {[%clk 1:00:01]} Nbd7 {[%clk 1:01:52]} 7. Rc1
{[%clk 0:58:59]} c5 {[%clk 1:01:46]} 8. Be2 {[%clk 0:57:28]} Be7 {[%clk 1:02:00]}
9. O-O {[%clk 0:56:53]} O-O {[%clk 1:02:00]} 10. h3 {[%clk 0:54:45]} Ne4
{[%clk 1:01:11]} 11. Nxe4 {[%clk 0:52:36]} dxe4 {[%clk 1:01:34]} 12. Ne5
{[%clk 0:50:56]} Nxe5 {[%clk 1:00:26]} 13. Bxe5 {[%clk 0:50:19]} Qc8
{[%clk 0:52:20]} 14. Qc2 {[%clk 0:48:30]} Rd8 {[%clk 0:51:34]} 15. Rfd1
{[%clk 0:48:13]} Qc6 {[%clk 0:50:37]} 16. b3 {[%clk 0:44:01]} Rac8
{[%clk 0:47:50]} 17. Kf1 {[%clk 0:40:56]} a6 {[%clk 0:47:05]} 18. a3
{[%clk 0:38:42]} cxd4 {[%clk 0:47:01]} 19. Bxd4 {[%clk 0:35:00]} Bxa3
{[%clk 0:47:20]} 20. Ra1 {[%clk 0:34:12]} Be7 {[%clk 0:47:01]} 21. Qc3
{[%clk 0:33:29]} f6 {[%clk 0:47:20]} 22. Bg4 {[%clk 0:32:33]} h5 {[%clk 0:46:54]}
23. Bxh5 {[%clk 0:26:54]} e5 {[%clk 0:47:13]} 24. Bxe5 {[%clk 0:26:56]} fxe5
{[%clk 0:47:34]} 25. Rac1 {[%clk 0:24:01]} Bf6 {[%clk 0:46:37]} 26. Bg4
{[%clk 0:22:39]} Rb8 {[%clk 0:46:43]} 27. Qc2 {[%clk 0:21:34]} Rxd1+
{[%clk 0:44:55]} 28. Rxd1 {[%clk 0:21:33]} Bc8 {[%clk 0:44:57]} 29. Bh5
{[%clk 0:20:48]} Bf5 {[%clk 0:44:33]} 30. Qa2 {[%clk 0:17:45]} a5
{[%clk 0:44:20]} 31. Rb1 {[%clk 0:15:40]} Be6 {[%clk 0:44:24]} 32. Bg6
{[%clk 0:15:32]} a4 {[%clk 0:44:27]} 33. Kg1 {[%clk 0:14:28]} axb3
{[%clk 0:44:48]} 34. Qxb3 {[%clk 0:13:58]} Qxc4 {[%clk 0:44:43]} 35. Qxc4
{[%clk 0:12:09]} Bxc4 {[%clk 0:45:10]} 36. Bxe4 {[%clk 0:12:20]} b5
{[%clk 0:45:34]} 37. Rc1 {[%clk 0:12:06]} Bf7 {[%clk 0:45:45]} 38. Rb1
{[%clk 0:12:00]} b4 {[%clk 0:46:07]} 39. Kf1 {[%clk 0:12:01]} b3 {[%clk 0:46:28]}
40. Ke1 {[%clk 0:12:12]} b2 {[%clk 0:46:50]} 41. Kd1 {[%clk 0:11:30]} Ba2
{[%clk 0:47:16]} 0-1

[Event "V4 Liptov 2017"]
[Site "?"]
[Date "2017.06.23"]
[Round "5.21"]
[White "Chwistek, Karel"]
[Black "Grimm, Balazs"]
[Result "1-0"]
[BlackElo "1737"]
[WhiteElo "1985"]
[LiveChessVersion "1.4.8"]

1. e4 {[%clk 1:00:58]} c5 {[%clk 1:00:56]} 2. Nc3 {[%clk 1:01:22]} Nc6
{[%clk 1:01:08]} 3. f4 {[%clk 1:01:42]} g6 {[%clk 1:01:23]} 4. Nf3
{[%clk 1:02:06]} Bg7 {[%clk 1:01:39]} 5. Bc4 {[%clk 1:02:04]} d6 {[%clk 1:01:49]}
6. d3 {[%clk 1:02:21]} Nf6 {[%clk 1:02:11]} 7. O-O {[%clk 1:01:18]} a6
{[%clk 1:01:33]} 8. a4 {[%clk 0:58:33]} O-O {[%clk 1:00:58]} 9. h3
{[%clk 0:53:13]} Rb8 {[%clk 1:00:41]} 10. e5 {[%clk 0:50:35]} Ne8
{[%clk 0:58:12]} 11. Qe1 {[%clk 0:47:26]} Nc7 {[%clk 0:57:26]} 12. Nd5
{[%clk 0:44:34]} Nxd5 {[%clk 0:57:34]} 13. Bxd5 {[%clk 0:44:59]} e6
{[%clk 0:57:52]} 14. Bxc6 {[%clk 0:44:43]} bxc6 {[%clk 0:58:16]} 15. exd6
{[%clk 0:44:52]} Qxd6 {[%clk 0:58:39]} 16. Ne5 {[%clk 0:43:18]} f6
{[%clk 0:56:43]} 17. Nc4 {[%clk 0:43:08]} Qd5 {[%clk 0:56:15]} 18. Kh2
{[%clk 0:42:07]} Rb4 {[%clk 0:44:11]} 19. Bd2 {[%clk 0:39:58]} Rxc4
{[%clk 0:44:24]} 20. dxc4 {[%clk 0:40:24]} Qxc4 {[%clk 0:44:47]} 21. Bc3
{[%clk 0:40:43]} a5 {[%clk 0:44:41]} 22. b3 {[%clk 0:40:50]} Qd5 {[%clk 0:44:46]}
23. Rd1 {[%clk 0:40:00]} Qf5 {[%clk 0:45:02]} 24. Qe2 {[%clk 0:39:31]} c4
{[%clk 0:42:54]} 25. Qxc4 {[%clk 0:37:10]} Qxc2 {[%clk 0:42:59]} 26. Rd2
{[%clk 0:37:21]} Qf5 {[%clk 0:42:52]} 27. g4 {[%clk 0:37:30]} 1-0

[Event "V4 Liptov 2017"]
[Site "?"]
[Date "2017.06.23"]
[Round "5.22"]
[White "Zlotov, Viktor"]
[Black "Nehyba, Martin"]
[Result "0-1"]
[BlackElo "1944"]
[WhiteElo "1635"]
[LiveChessVersion "1.4.8"]

1. e4 {[%clk 1:01:00]} c5 {[%clk 1:00:56]} 2. Nf3 {[%clk 1:01:41]} Nc6
{[%clk 1:01:13]} 3. d4 {[%clk 1:02:00]} cxd4 {[%clk 1:01:38]} 4. Nxd4
{[%clk 1:02:25]} e5 {[%clk 1:02:02]} 5. Nb5 {[%clk 1:02:50]} d6 {[%clk 1:02:26]}
6. N1c3 {[%clk 1:02:41]} a6 {[%clk 1:02:50]} 7. Na3 {[%clk 1:03:06]} Be7
{[%clk 1:03:15]} 8. Be2 {[%clk 1:02:58]} Nf6 {[%clk 1:03:34]} 9. O-O
{[%clk 1:02:44]} b5 {[%clk 1:03:54]} 10. Nd5 {[%clk 1:01:40]} O-O
{[%clk 1:03:30]} 11. Nxf6+ {[%clk 1:00:56]} Bxf6 {[%clk 1:03:49]} 12. c3
{[%clk 1:00:50]} Bb7 {[%clk 1:03:50]} 13. Bf3 {[%clk 0:59:57]} Qc7
{[%clk 1:03:09]} 14. Nc2 {[%clk 0:59:27]} Rad8 {[%clk 1:03:03]} 15. Ne3
{[%clk 0:58:17]} Ne7 {[%clk 1:03:13]} 16. Ng4 {[%clk 0:57:12]} Ng6
{[%clk 1:02:14]} 17. Nxf6+ {[%clk 0:57:17]} gxf6 {[%clk 1:02:42]} 18. Bh6
{[%clk 0:56:36]} Rfe8 {[%clk 1:02:55]} 19. g3 {[%clk 0:56:19]} Qd7
{[%clk 0:56:31]} 20. Bg4 {[%clk 0:52:50]} Qc6 {[%clk 0:53:49]} 21. Bf3
{[%clk 0:50:15]} Qc8 {[%clk 0:50:11]} 22. Bg2 {[%clk 0:48:29]} Qe6
{[%clk 0:48:39]} 23. Qh5 {[%clk 0:42:53]} Bc8 {[%clk 0:46:50]} 24. f4
{[%clk 0:35:46]} exf4 {[%clk 0:41:43]} 25. gxf4 {[%clk 0:35:01]} f5
{[%clk 0:41:51]} 26. exf5 {[%clk 0:34:46]} Qxf5 {[%clk 0:42:03]} 27. Qxf5
{[%clk 0:35:10]} Bxf5 {[%clk 0:42:25]} 28. Rfe1 {[%clk 0:35:13]} Nf8
{[%clk 0:26:46]} 29. Rad1 {[%clk 0:34:12]} Rxe1+ {[%clk 0:26:34]} 30. Rxe1
{[%clk 0:34:37]} Ne6 {[%clk 0:26:41]} 31. Re3 {[%clk 0:33:35]} f6
{[%clk 0:26:23]} 32. Bb7 {[%clk 0:32:20]} Kf7 {[%clk 0:21:23]} 33. Bd5
{[%clk 0:29:48]} Rg8+ {[%clk 0:21:04]} 34. Rg3 {[%clk 0:29:41]} Bg4
{[%clk 0:19:01]} 35. Bxe6+ {[%clk 0:29:42]} Kxe6 {[%clk 0:16:55]} 36. h3
{[%clk 0:29:19]} Rg6 {[%clk 0:16:58]} 37. f5+ {[%clk 0:27:07]} Bxf5
{[%clk 0:16:12]} 38. Rxg6 {[%clk 0:27:30]} hxg6 {[%clk 0:16:36]} 39. h4
{[%clk 0:27:39]} Bb1 {[%clk 0:16:36]} 40. a3 {[%clk 0:27:58]} Kf5
{[%clk 0:16:42]} 41. Be3 {[%clk 0:27:45]} Kg4 {[%clk 0:16:06]} 42. Bf2
{[%clk 0:28:03]} Kf3 {[%clk 0:16:27]} 43. Bd4 {[%clk 0:26:54]} f5
{[%clk 0:14:39]} 44. Bf6 {[%clk 0:27:03]} f4 {[%clk 0:14:46]} 45. Be7
{[%clk 0:27:05]} d5 {[%clk 0:15:04]} 46. Bg5 {[%clk 0:27:00]} Bd3
{[%clk 0:15:16]} 47. Kh2 {[%clk 0:26:35]} a5 {[%clk 0:15:04]} 48. Kh3
{[%clk 0:24:53]} Bf5+ {[%clk 0:13:56]} 49. Kh2 {[%clk 0:25:11]} Be6
{[%clk 0:09:44]} 50. Kg1 {[%clk 0:21:56]} Kg3 {[%clk 0:10:03]} 51. Bd8
{[%clk 0:21:34]} a4 {[%clk 0:09:59]} 52. Bc7 {[%clk 0:21:58]} Bh3
{[%clk 0:09:38]} 53. Bd6 {[%clk 0:21:34]} Kf3 {[%clk 0:09:56]} 54. Bc7
{[%clk 0:20:00]} Ke3 {[%clk 0:09:57]} 55. Bb6+ {[%clk 0:19:58]} Ke2
{[%clk 0:10:14]} 56. Bc5 {[%clk 0:20:20]} f3 {[%clk 0:09:01]} 57. Bb6
{[%clk 0:20:43]} Bf5 {[%clk 0:08:54]} 58. Ba7 {[%clk 0:19:55]} Be4
{[%clk 0:09:11]} 59. Bb6 {[%clk 0:19:55]} Bd3 {[%clk 0:08:06]} 60. Ba7
{[%clk 0:19:59]} b4 {[%clk 0:08:16]} 61. cxb4 {[%clk 0:19:27]} Bc4
{[%clk 0:07:39]} 62. Bc5 {[%clk 0:18:13]} Bd3 {[%clk 0:08:08]} 63. Bd4
{[%clk 0:17:13]} Bb5 {[%clk 0:08:14]} 64. Bc5 {[%clk 0:16:53]} Bc6
{[%clk 0:08:38]} 65. Bb6 {[%clk 0:17:10]} Kd3 {[%clk 0:08:48]} 66. Kf2
{[%clk 0:17:23]} d4 {[%clk 0:09:09]} 67. Bc5 {[%clk 0:16:27]} Kc4
{[%clk 0:09:30]} 68. Bb6 {[%clk 0:15:59]} Bd5 {[%clk 0:09:47]} 69. Bc5
{[%clk 0:16:11]} Be4 {[%clk 0:10:13]} 70. Bb6 {[%clk 0:16:25]} d3
{[%clk 0:10:23]} 71. Ke3 {[%clk 0:15:10]} Kb3 {[%clk 0:10:39]} 72. Bd4
{[%clk 0:15:05]} Kc2 {[%clk 0:10:35]} 73. Bc3 {[%clk 0:14:49]} Bc6
{[%clk 0:10:27]} 0-1

[Event "V4 Liptov 2017"]
[Site "?"]
[Date "2017.06.23"]
[Round "5.23"]
[White "Kopcova, Ludmila"]
[Black "Schmidt, Richard"]
[Result "1-0"]
[BlackElo "1363"]
[WhiteElo "1980"]
[LiveChessVersion "1.4.8"]

1. e4 {[%clk 1:00:58]} c5 {[%clk 1:00:36]} 2. Nf3 {[%clk 1:01:24]} Nc6
{[%clk 1:00:59]} 3. Bb5 {[%clk 1:01:49]} Nf6 {[%clk 1:00:45]} 4. Bxc6
{[%clk 1:02:01]} bxc6 {[%clk 1:00:58]} 5. d3 {[%clk 1:02:05]} d6 {[%clk 1:01:03]}
6. O-O {[%clk 1:01:51]} g6 {[%clk 1:01:12]} 7. Re1 {[%clk 0:58:33]} Bg4
{[%clk 1:00:16]} 8. h3 {[%clk 0:58:37]} Bxf3 {[%clk 1:00:34]} 9. Qxf3
{[%clk 0:58:58]} Qc7 {[%clk 1:00:26]} 10. e5 {[%clk 0:46:48]} dxe5
{[%clk 1:00:47]} 11. Rxe5 {[%clk 0:46:46]} Nd7 {[%clk 1:00:52]} 12. Re1
{[%clk 0:41:16]} Bg7 {[%clk 1:00:46]} 13. Nd2 {[%clk 0:37:39]} e6
{[%clk 1:00:27]} 14. c3 {[%clk 0:36:12]} O-O {[%clk 1:00:39]} 15. Nc4
{[%clk 0:35:57]} Ne5 {[%clk 0:59:40]} 16. Qg3 {[%clk 0:34:03]} Rad8
{[%clk 0:55:35]} 17. Nxe5 {[%clk 0:32:36]} Bxe5 {[%clk 0:55:41]} 18. Qxe5
{[%clk 0:32:38]} Qxe5 {[%clk 0:55:59]} 19. Rxe5 {[%clk 0:33:07]} Rxd3
{[%clk 0:56:14]} 20. Bh6 {[%clk 0:32:21]} Rfd8 {[%clk 0:56:13]} 21. Rxc5
{[%clk 0:32:12]} Rd1+ {[%clk 0:55:21]} 22. Rxd1 {[%clk 0:32:37]} Rxd1+
{[%clk 0:55:42]} 23. Kh2 {[%clk 0:33:05]} 1-0

[Event "V4 Liptov 2017"]
[Site "?"]
[Date "2017.06.23"]
[Round "5.24"]
[White "Meszaros, Marta Mira"]
[Black "Londin, Simon"]
[Result "0-1"]
[BlackElo "1772"]
[WhiteElo "1184"]
[LiveChessVersion "1.4.8"]

1. e4 {[%clk 1:00:58]} c5 {[%clk 1:00:56]} 2. Nf3 {[%clk 1:01:25]} g6
{[%clk 1:01:21]} 3. d4 {[%clk 1:01:40]} cxd4 {[%clk 1:01:47]} 4. Nxd4
{[%clk 1:02:07]} Bg7 {[%clk 1:02:12]} 5. Nc3 {[%clk 1:02:25]} Nc6
{[%clk 1:02:38]} 6. Be3 {[%clk 1:02:50]} Nf6 {[%clk 1:03:04]} 7. Bc4
{[%clk 1:03:12]} O-O {[%clk 1:03:29]} 8. Bb3 {[%clk 1:03:38]} Re8
{[%clk 1:03:54]} 9. f3 {[%clk 1:03:27]} e6 {[%clk 1:04:17]} 10. O-O
{[%clk 1:03:49]} d5 {[%clk 1:04:24]} 11. Nxc6 bxc6 {[%clk 1:04:48]} 12. Qd2
{[%clk 1:02:45]} Bb7 {[%clk 0:56:27]} 13. Bh6 {[%clk 1:01:51]} Bh8
{[%clk 0:56:52]} 14. Bg5 {[%clk 0:59:37]} Qc7 {[%clk 0:55:43]} 15. Bf4
{[%clk 0:54:12]} e5 {[%clk 0:52:38]} 16. Be3 {[%clk 0:53:08]} d4 {[%clk 0:52:02]}
17. Bf2 {[%clk 0:51:34]} dxc3 {[%clk 0:51:19]} 18. Qxc3 {[%clk 0:51:57]} Nh5
{[%clk 0:49:19]} 19. Qc4 {[%clk 0:46:43]} a5 {[%clk 0:47:11]} 20. Rfd1
{[%clk 0:45:29]} Nf4 {[%clk 0:43:43]} 21. Be3 {[%clk 0:44:53]} Bg7
{[%clk 0:41:14]} 22. Bxf4 {[%clk 0:45:06]} exf4 {[%clk 0:41:38]} 23. c3
{[%clk 0:45:17]} Qb6+ {[%clk 0:41:00]} 24. Kh1 {[%clk 0:45:26]} Re7
{[%clk 0:39:48]} 25. Qd3 a4 {[%clk 0:39:15]} 26. Bc4 {[%clk 0:39:40]} Qxb2
{[%clk 0:38:50]} 27. Rac1 {[%clk 0:39:22]} Be5 {[%clk 0:35:47]} 28. Rc2
{[%clk 0:37:27]} Qb6 {[%clk 0:36:01]} 29. Rcd2 {[%clk 0:35:01]} Ba6
{[%clk 0:33:20]} 30. Bxa6 {[%clk 0:35:00]} Qxa6 {[%clk 0:33:44]} 31. Qxa6
{[%clk 0:35:22]} Rxa6 {[%clk 0:34:08]} 32. c4 {[%clk 0:34:27]} Rb6
{[%clk 0:34:20]} 33. Rc2 {[%clk 0:33:57]} a3 {[%clk 0:34:01]} 34. Kg1
{[%clk 0:33:25]} Rb2 {[%clk 0:33:56]} 35. Rdd2 {[%clk 0:32:18]} Reb7
{[%clk 0:34:23]} 36. h3 {[%clk 0:29:22]} Rxc2 {[%clk 0:34:26]} 37. Rxc2
{[%clk 0:29:44]} Rb2 {[%clk 0:34:53]} 38. Rc1 {[%clk 0:29:31]} Rxa2
{[%clk 0:35:18]} 39. Rd1 {[%clk 0:29:49]} Ra1 {[%clk 0:35:43]} 40. Rxa1
{[%clk 0:30:09]} Bxa1 {[%clk 0:36:09]} 41. e5 {[%clk 0:30:12]} Bxe5
{[%clk 0:36:33]} 42. c5 {[%clk 0:30:33]} a2 {[%clk 0:36:56]} 43. h4
{[%clk 0:30:46]} a1=Q+ {[%clk 0:37:19]} 44. Kh2 {[%clk 0:31:10]} Qe1
{[%clk 0:37:05]} 45. h5 {[%clk 0:30:20]} Bd4 {[%clk 0:37:30]} 46. hxg6
{[%clk 0:29:42]} Qh4# 0-1